Inkubátor pre podnikateľov
Inkubátor ako spôsob podpory začínajúcim malým a stredným podnikateľom sa začína rozbiehať aj na Slovensku. Vznik spojenia BI (biznis inkubátora) a TI (technologického centra). Anglické skúsenosti. Efekty fungovania inkubátora.
Salvato in:
| Autore principale: | |
|---|---|
| Natura: | Capitolo di libro |
| Lingua: | slovacco |
| Soggetti: | |
| Tags: |
Nessun Tag, puoi essere il primo ad aggiungerne!!
|
MARC
| LEADER | 00000naa a2200000 4500 | ||
|---|---|---|---|
| 001 | r045005 | ||
| 005 | 20230920073947.0 | ||
| 041 | 0 | |a slo | |
| 044 | |a SK | ||
| 245 | 1 | 0 | |a Inkubátor pre podnikateľov |c Iveta Bieliková |
| 520 | |a Inkubátor ako spôsob podpory začínajúcim malým a stredným podnikateľom sa začína rozbiehať aj na Slovensku. Vznik spojenia BI (biznis inkubátora) a TI (technologického centra). Anglické skúsenosti. Efekty fungovania inkubátora. | ||
| 610 | 2 | 0 | |a podpora podnikania |
| 610 | 2 | 0 | |a podnikanie stredné |
| 610 | 2 | 0 | |a podnikanie malé |
| 610 | 2 | 0 | |a manažéri |
| 610 | 2 | 0 | |a programy rozvojové |
| 610 | 2 | 0 | |a Slovensko |
| 610 | 2 | 0 | |a inkubátory podnikateľské |
| 100 | 1 | |a Bieliková, Iveta | |